Temporadas de Power Rangers - Estadísticas

Estadísticas generales
  • Esta prueba ha sido intentada 113 veces
  • La puntuación promedio es 17 de 23
Estadísticas de respuestas
Año Temporada / Generación Ranger % Correcto
2006 Power Rangers Fuerza Mistica
93%
2005 Power Rangers: SPD
93%
2004 Power Rangers Dino Trueno
89%
2002 Power Rangers Fuerza Salvaje
89%
1997 Power Rangers Turbo
89%
2003 Power Rangers:Tormenta Ninja
86%
1993-95 Mighty Morphin Power Rangers
82%
2011-12 Power Rangers Samurai
82%
1998 Power Rangers en el espacio
79%
2001 Power Rangers Fuerza del Tiempo
79%
1999 Power Rangers: La Galaxia Perdida
79%
2000 Power Rangers a la velocidad de la luz
75%
2015-16 Power Rangers Dino Charge
75%
2008 Power Rangers Furia Animal
75%
1996 Power Rangers Zeo
75%
2013-14 Power Rangers Megaforce
71%
2009 Power Rangers RPM
71%
1996 Mighty Morphin Alien Rangers
68%
2007 Power Rangers Operación Sobrecarga
68%
2017-18 Power Rangers Ninja Steel
57%
2019-20 Power Rangers Beast Morphers
54%
2021-22 Power Ranger Dino Fury
50%
2023 Power Rangers Cosmic Fury
46%
No se encontraron pruebas coincidentes
Distribución de puntuación
Porcentaje de gente con cada puntuación
Porcentaje por número respondido
Historial de tus puntuaciones
No has intentado esta prueba.